LEADER 01152nam0-22003011i-450- 001 990000049000403321 035 $a000004900 035 $aFED01000004900 035 $a(Aleph)000004900FED01 035 $a000004900 100 $a20011111d--------km-y0itay50------ba 101 0 $aita 105 $ay-------001yy 200 1 $aDati relativi al gettito delle imposte dirette risultanti dai riepiloghi dei ruoli posti in riscossione nell'eserciziofinanziario 1955$f56$esupplemento ordinario n. 1 al Bollettino Ufficiale$elegislazione e disposizioni ufficiali 210 $aRoma$cLa libreria dello Stato$d1957 215 $a184 p.$cill.$d29 cm 610 0 $aImposte dirette$aItalia 610 0 $aItalia$aImposte dirette 676 $a336.294 710 02$aItalia.$bDirezione generale delle imposte dirette$01068 801 0$aIT$bUNINA$gRICA$2UNIMARC 901 $aBK 912 $a990000049000403321 952 $a13 K 36 06$b23182$fFINBC 959 $aFINBC 996 $aDati relativi al gettito delle imposte dirette risultanti dai riepiloghi dei ruoli posti in riscossione nell'eserciziofinanziario 1955$9112244 997 $aUNINA DB $aING01 LEADER 01069nam0-2200349---450- 001 990008499800403321 005 20070720101651.0 010 $a0-567-08300-4 035 $a000849980 035 $aFED01000849980 035 $a(Aleph)000849980FED01 035 $a000849980 100 $a20070410d2003----km-y0itay50------ba 101 0 $aeng 102 $aUS$aGB 105 $ay-------001yy 200 1 $a<>antichrist theme in the intertestamental period$fG. W. Lorein 210 $aLondon ; New York$cT&T Clark International$dİ2003 215 $aXIV, 283 p.$d24 cm 225 1 $aJournal for the study of the pseudepigrapha$iSupplement series$v44 610 0 $aApocrifi 610 0 $aAnticristo$aStoria delle dottrine 676 $a229$v21$zita 676 $a236$v21$zita 700 1$aLorein,$bGeert Wouter$0502127 801 0$aIT$bUNINA$gRICA$2UNIMARC 901 $aBK 912 $a990008499800403321 952 $a229 LOR 1$bbibl.55728$fFLFBC 959 $aFLFBC 996 $aAntichrist theme in the intertestamental period$9731709 997 $aUNINA